Topografía general y agrícola / (Record no. 57587)

MARC details
000 -LEADER
campo de control de longitud fija 00686nam a2200217 i 4500
001 - NÚMERO DE CONTROL
campo de control 57587
003 - IDENTIFICADOR DE NÚMERO DE CONTROL
campo de control ES-MaACL
005 - FECHA Y HORA DE LA ÚLTIMA TRANSACCIÓN
campo de control 20260210161949.0
007 - CAMPO FIJO DE DESCRIPCIÓN FÍSICA--INFORMACIÓN GENERAL
campo de control de longitud fija t|
008 - DATOS DE LONGITUD FIJA--INFORMACIÓN GENERAL
campo de control de longitud fija 031017s1953 sp ||||1| spa d
100 1# - ENTRADA PRINCIPAL--NOMBRE DE PERSONA
Nombre de persona Domínguez García Tejero, Francisco.
9 (RLIN) 45213
245 10 - MENCIÓN DEL TÍTULO
Título Topografía general y agrícola /
Mención de responsabilidad, etc. Francisco Domínguez García Tejero.
250 ## - MENCION DE EDICION
Mención de edición [1ª ed.].
260 ## - PUBLICACIÓN, DISTRIBUCIÓN, ETC.
Lugar de publicación, distribución, etc. Barcelona :
Nombre del editor, distribuidor, etc. Salvat,
Fecha de publicación, distribución, etc. 1953 (
Fabricante Hispano-Americana)
300 ## - DESCRIPCIÓN FÍSICA
Extensión XVI, 628 p. ;
Dimensiones 22 cm.
490 1# - MENCIÓN DE SERIE
Mención de serie Colección agrícola Salvat
830 0# - PUNTO DE ACCESO ADICIONAL DE SERIE-TÍTULO UNIFORME
Título uniforme Colección agrícola Salvat
9 (RLIN) 181203
852 ## - LOCALIZACIÓN
Ubicación ES-MaACL
Número de control de estantería D-8751
Sublocalización o colección R.34192
852 ## - LOCALIZACIÓN
Ubicación ES-MaACL
Número de control de estantería B-955
Sublocalización o colección R.35425
Holdings
Estatus retirado Estado de pérdida Estado de daño No para préstamo Biblioteca de origen Biblioteca actual Ubicación en estantería Fecha de adquisición Fuente de adquisición Total de préstamos Signatura topográfica completa Código de barras Visto por última vez Precio de reemplazo Tipo de ítem Koha
        Biblioteca del Ateneo de Madrid Biblioteca del Ateneo de Madrid Sala Pardo Bazán 17/01/2008     B-955 1060455 23/02/2023 23/02/2023 Libro impreso
        Biblioteca del Ateneo de Madrid Biblioteca del Ateneo de Madrid Sala Valle Inclán 17/01/2008     D-8751 901060454 23/02/2023 23/02/2023 Libro impreso